000 00602nam a2200193 a 4500
001 000001752
005 20200929145703.0
008 090626s2007 cu 000 0 spa d
020 _a9789592602045
040 _aDO-SdBNP
082 _a792.
_bS768p
100 1 _aSpregelburd, Rafael,
_d1970-
_95697
245 1 3 _aLa paranoia /
_cRafael Spregelburd.
260 _aLa Habana :
_bCasa de las Américas,
_c2007.
300 _a148 p. ;
_c20 cm.
500 _aIncluye datos biográficos del autor en la contraportada
586 _aPremio Casa de la Américas, teatro, 2007
650 4 _aObra de teatro.
_95698
999 _c1629
_d1629